01280cam a2200277 i 4500001001900000003000400019005001700023008004100040015001600081017004400097020001800141040002900159043003000188080004700218100002400265245013200289264010600421300006500527490004300592500015400635504003600789586004600825650004800871650003900919830004400958991060644676306706OSt20240109125319.0220627s2022 spc|||| r o000 0dcat c aLL20232bnc aDL Gi 556-2022bBiblioteca de Catalunya a9788484962984 aES-BaUABbcaterdacCDMR ae-sp---be-spcgi2catmarc a070x(460.23 Gi Girona)x"1977/2021"220041 aCamps Durban, Eloi,13aLa Premsa veïnal de Girona :bun model de comunicació i periodisme popular des dels barris (1977-2021) /cEloi Camps Durban 1aGirona :bAjuntament de Girona, Servei de Gestió Documental, Arxius i Publicacions (SGDAP),c[2022] a187 pàgines :bil·lustracions (algunes en color) ;c22 cm1 aCol·lecció Carles Rahola. Beca ;v1 aAl peu d'impremta: Diputació de Girona, Universitat de Girona, Facultat de Lletres, i Col·legi de Periodistes de Catalunya, Demarcació de Girona aBibliografia: pàgines 175-186 aSisena Beca dels Premis Rahola, 2019-2020 7aPremsa comarcalzGironaxHistòria.2lemac 7aPremsazGironaxHistòria.2lemac 0aCol·lecció Carles Rahola.pBeca ;v1